00557nam a2200157Ia 4500008004100000020001400041041000800055082000800063100001900071245003300090260005700123300001900180650003200199999001900231952014900250230511s1905 xx 000 0 und d a1536-6596 aeng a790 aAllen C.W. -ED a100 Best Vintage Photographs aUSAbNational Geographic Society ,Griffin J.Q.c1905 a120PB 27X22 cm aFundamentals of Photography c354714d354714 00104070aSPPbSPPd2023-05-11eBharati Madh.Sah. Grahak Bhandar Ltd Pune-411030g795.00l0o790pSPP-183r2023-05-11 00:00:00w2023-05-11yBK